[Event "Cuiaba Contaud op"]
[Site "Cuiaba"]
[Date "2024.11.24"]
[Round "6"]
[White "Bender, Lorenzo Gomes"]
[Black "Leite, Julia Lindsay"]
[Result "1-0"]
[WhiteElo "1800"]
[BlackElo "1800"]
[PlyCount "79"]
[EventDate "2024.11.22"]
[EventType "swiss"]
[EventRounds "6"]
[EventCountry "BRA"]
[SourceTitle "CB49_2024"]
[SourceDate "2024.12.04"]
[SourceVersion "1"]
[SourceVersionDate "2024.12.04"]
[SourceQuality "1"]

1. e4 e5 2. Nf3 Nc6 3. Bc4 Nf6 4. Ng5 d5 5. exd5 Nxd5 6. Nxf7 Kxf7 7. Qf3+ Qf6 8. Bxd5+ Be6 9. 0-0 Qxf3 10. Bxf3 Nd4 11. Be4 Rd8 12. Nc3 Bb4 13. a3 Bxc3 14. dxc3 Ne2+ 15. Kh1 Nxc1 16. Raxc1 Rd7 17. Bxb7 Rhd8 18. h3 Bc4 19. Rfe1 Rd2 20. Rxe5 Rxf2 21. Rce1 Rf1+ 22. Rxf1+ Bxf1 23. Bd5+ Kf6 24. Re6+ Kf5 25. Re1 Rxd5 26. Rxf1+ Ke6 27. c4 Rd2 28. Re1+ Kd7 29. Rc1 c5 30. b4 Kd6 31. bxc5+ Kxc5 32. Rf1 Kxc4 33. Rf7 a5 34. g4 Kc3 35. h4 Kxc2 36. Rxg7 Rd3 37. Rxh7 Rxa3 38. g5 Rh3+ 39. Kg2 Rd3 40. h5 1-0

[Event "Cuiaba Contaud op"]
[Site "Cuiaba"]
[Date "2024.11.23"]
[Round "3"]
[White "Leite, Julia Lindsay"]
[Black "Silva, Joao Gevezier"]
[Result "1-0"]
[WhiteElo "1800"]
[BlackElo "1458"]
[PlyCount "85"]
[EventDate "2024.11.22"]
[EventType "swiss"]
[EventRounds "6"]
[EventCountry "BRA"]
[SourceTitle "CB49_2024"]
[SourceDate "2024.12.04"]
[SourceVersion "1"]
[SourceVersionDate "2024.12.04"]
[SourceQuality "1"]

1. e4 e5 2. Nf3 Nc6 3. Nc3 Bc5 4. Bb5 a6 5. Bxc6 bxc6 6. 0-0 d5 7. Nxe5 Nf6 8. d4 Bb4 9. Nxc6 Qd6 10. e5 Qxc6 11. exf6 Qxf6 12. Nxd5 Qd6 13. Qf3 0-0 14. Nxb4 Qxb4 15. Qxa8 Bb7 16. Qa7 Ra8 17. c3 Qd6 18. Qxb7 Re8 19. Bg5 h6 20. Bd2 Re2 21. Rfe1 Rxd2 22. Re8+ Kh7 23. Qe4+ g6 24. Qe5 Qxe5 25. dxe5 Rxb2 26. Re1 Rxa2 27. e6 fxe6 28. h3 Kg7 29. c4 Kf6 30. Rc8 a5 31. Rxc7 Kf5 32. Kh2 a4 33. Re3 Ra1 34. Rf3+ Ke5 35. Rc5+ Kd4 36. Ra5 Kxc4 37. Rf4+ Kb3 38. Rf3+ Kb4 39. Ra8 a3 40. Rf4+ Kb3 41. Rb8+ Ka2 42. Rd4 e5 43. Rd2# 1-0